000 00466nam a22001697a 4500
999 _c2894
_d2894
008 200318b ||||| |||| 00| 0 eng d
020 _a0904825035
082 0 0 _a623.8887
_bW9471
100 _92496
_aWright, C. H.
245 1 0 _aSurvival at sea : the lifeboat and liferaft /
_cC. H. Wright
250 _a2nd ed.
260 _aLiverpool
_bJames Laver
_c1977
300 _a120 p.
650 0 _aLifeboats
650 0 _aBoats and boating--Safety measures
942 _cBK